Statistics for US Presidential Elections with Greatest Voter Turnout

Click here to take the quiz!

General Stats

  • This quiz has been taken 83 times
  • The average score is 8 of 10

Answer Stats

Voter TurnoutElection Year% Correct
81.20%1860
88%
81.80%1876
83%
79.30%1896
83%
79.30%1888
80%
78.90%1856
78%
78.10%1868
78%
79.40%1880
78%
77.50%1884
77%
78.90%1844
68%
80.20%1840
67%

Score Distribution

Percentile by Number Answered

Percent of People with Each Score

Your Score History

You have not taken this quiz